000 00684nam a2200289Ia 4500
005 20260324124759.0
008 008 260324s9999 xx 000 0 eng d
020 _a9780429133718
037 _aEBOOK
040 _aCRL
040 _beng
040 _cCRL
041 _2eng
041 _aeng
084 _qCRL
100 _aCyril Heitner; Don Dimmel; John Schmidt
_91175464
245 0 _aLignin and Lignans
245 0 _bAdvances in Chemistry
260 _bTaylor and Francis
260 _c2010
365 _a
365 _b465
856 _uhttp://www.taylorfrancis.com/books/9780429133718
942 _cEBOOK
999 _c1770167
_d1770167